000 00835nam a22002050a 4500
001 PT36175
003 AR-LpoUNG
005 20230307152412.0
007 kk |||
040 _aAR-LpoUNG
_bspa
_cAR-LpoUNG
_eaacr
082 0 _a982.065 687des
245 0 0 _a[Dictadura 1] [afiche]
300 _a1 lám. : byn : 53 x 68 cm.
500 _aEl afiche pertenece a la colección de Derechos Humanos del Sr. Carlos Martinez Vidal. El item se encuentra enmarcado y en el mismo se puede leer: "I was advised not to sleep at home. I slept at differernt houses for some days, then I left the country.". - "Me recomendaron que no durmiera en mi casa. Dormí en diferentes casas por algunos días, luego me fui del país."
650 4 _aDERECHOS HUMANOS
650 4 _aDICTADURA
650 4 _aHISTORIA POLITICA
905 _a36175
942 _cAFICHE
999 _c63865
_d63865